Ako možno ovplyvniť rast rastlín

Bibliographic Details
Main Author: (ned) (Author)
Format: Article
Language:Slovak
Subjects:

MARC

LEADER 00000nab a2200000 a 4500
001 vtls000181593
003 SK-MaSNL
005 20260304212647.0
008 111104c1984 xo 0 slo
015 |a SNBRB19rr/mm-uuuuu 
035 |a CL0191706 
040 |a SNKBUCL  |b slo  |c SNKBUCL  |e AACR2 
041 0 |a slo 
044 |a xo  |c SK 
080 |a 581.143  |2 1981 
100 1 |a (ned)  |4 aut  |9 1544869 
245 1 0 |a Ako možno ovplyvniť rast rastlín  |c (ned) 
650 0 7 |a rastliny  |2 snkbucl  |9 690 
650 0 7 |a regulátory rastu rastlín  |2 snkbucl  |9 21954 
655 7 |a články z novín a časopisov  |2 snkbucl  |9 267496 
773 0 |t Technické noviny  |g Roč. 32, č. 15 (1984), s. 6 
850 |a Slovenská národná knižnica v Martine  |a MTA001 
852 |a SNK  |b KIS3GCP 
958 |a RK 
992 |a RBX 
999 |c 3132413  |d 3134343